000 00635nam a2200217Ia 4500
003 OSt
005 20250818160234.0
008 210210b2004 xxu||||| |||| 00| 0 eng d
020 _a8122415261
040 _cAL
041 _aeng
082 _a346.065 SOPL
100 _aSople V V
_9236224
245 _aLegal aspects of marketing in India
260 _aNew Delhi
_bNew Age International (P) Limited Publishers
_c2004
300 _axi,242p
650 _aMarketing Law Consumer Law Hire Purchase Product Distribution Packaging Marketing Abuse
_9236225
690 _aBusiness Law
_9236226
906 _a061195
942 _2ddc
_cBK
999 _c107963
_d107963